00793nam a2200241Ia 4500001000600000003000900006008004100015040001300056040001300069041001300082100001100095100002900106245007700135245005000212250001100262260001100273260001200284260004900296300005700345500009100402650002700493650003100520 1114IT-RoPAU130308s9999 xx 000 0 und d aIT-RoPAU cIT-RoPAU aITALIANO aAA.VV. gCodice Aut. SPICS: 12000 aCinque interventi sul teatro in Italia e sul teatro politico di Dario Fo bAttento Te...!-Il Teatro Politico di Dario Fo a1a ed. aVERONA bBertani c1975 [1° Ed.:1975 - Ed.Ling.Originale:1975] a"49 p. (prefazione: no ; testo: 49 [pagine: 15-63])" aInterventi di Giuliano Scabia Paolo Puppa Marisa Tancredi Roberto Alonge Goffredo Fofi aAUTORI/OPERE DI TEATRO eCodice materia Spics: 8407